000 00494cam a2200157 4500500
005 20251012032606.0
041 _afre
042 _adc
100 1 0 _aLapsouï, Anastasia
_eauthor
700 1 0 _a Normand de Chambourg, Dominique Samson
_eauthor
245 0 0 _aLes sept sens de la toundra
260 _c2006.
500 _a4
786 0 _nSigila | 18 | 2 | 2006-12-20 | p. 127-137 | 1286-1715
856 4 1 _uhttps://shs.cairn.info/revue-sigila-2006-2-page-127?lang=fr&redirect-ssocas=7080
999 _c1547743
_d1547743